000 00469nam a2200181Ia 4500
008 230711s9999||||xx |||||||||||||| ||und||
020 _a978-08-570-9104-8
041 _aENG
082 _a677
_bGA-H
100 _aGokarneshan,N
245 0 _aMechanics and calculations of textile machinery
250 _a1st Ed.
260 _c2013
_aCamberidge
_bWoodhead Publishing Ltd
300 _a366p.
650 _aTextile Engineering
700 _aVaradarajan,B
942 _cBK
999 _c5830
_d5830